00923 2200349 4500001002100000005001500021035002000036007000300056040001700059100003300076245004100109250001000150300003200160020002200192041000800214082001000222084001600232090002200248264003600270336002100306337003000327338002300357650001000380850001000390008004100400500002700441990002100468990002100489990002100510990002100531990002100552INLIS00000000000954520260420081122 a0010-1222000150ta aSBPUPADbind0 aNovi Winda AstariePengarang1 aTutspin Minimut /cNovi Winda Astari aCet.1 aiv,92 Hlm :bilus. ;c21 cm a978-602-213-029-10 aind a745.5 a745.5 NOV t a179 ALO r L 2 R 9 aJakarta :bKriya Pustaka,c2015 2rdacontentateks 2rdamediaatanpa perantara 2rdacarrieravolume 4aSulam aPUPAD260420 0  aProfile Penulis,Hlm 91 a22.545/KAPD/2016 a22.546/KAPD/2016 a22.547/KAPD/2016 a22.544/KAPD/2016 a22.543/KAPD/2016